| 000 | 00978cam a22003137a 4500 | ||
|---|---|---|---|
| 003 | CHAP | ||
| 005 | 20220817042501.0 | ||
| 008 | 971013s1962 r 00010 d | ||
| 010 | _a45975 | ||
| 011 | _a46947 | ||
| 035 | _a51088 | ||
| 040 | _cCHAP | ||
| 082 |
_a551.5943 _bU54pY |
||
| 110 | _aUNESCO | ||
| 245 | 1 | 4 |
_aThe problems of the arid zone _b: proceedings of the Paris Symposium |
| 260 |
_aParis : _bUNESCO, _c1962 |
||
| 300 |
_a481 p. _b: ilus. |
||
| 490 | 0 |
_aArid zone research _v; 18 |
|
| 590 |
_aBATCH-UPD _b10 _c20130110 _lUCH01 _h1711 |
||
| 590 |
_aBATCH-UPD _b10 _c20130410 _lUCH01 _h1057 |
||
| 590 |
_aBATCH-UPD _b10 _c20130914 _lUCH01 _h1620 |
||
| 590 |
_aCONVERSION _b10 _c20130109 _lUCH01 _h1325 |
||
| 650 | 1 | 4 |
_aHombre _xInfluencia del medio ambiente. _956040 |
| 650 | 1 | 4 |
_aRegiones áridas. _995669 |
| 830 | 0 |
_aArid zone research _v; 18 _97091 |
|
| 901 | _aBK | ||
| 942 | _cLIBRO | ||
| 949 |
_a551.5943 U54pY _bBC _cLIBRO _d33724000665907 _eLIBRO _h29961 _i51088 _si |
||
| 999 |
_c45975 _d45975 |
||